000 03874cgm a2200793Ia 4500
003 data
005 20260322212049.0
007 data
008 data
019 _a527840554
_a527840554
020 _a1419864068
020 _a9781419864063
024 1 _a085391189930
024 1 _a883929123438
024 1 _a883929068166
028 4 2 _a1000027423
_bWarner Home Video
040 _aTEFMT
_cTEFMT
_dOUN
_dBTCTA
_dTEF
_dYDXCP
_dTEF
_dOCL
_dIHV
_dUPZ
_dTLM
_dWAU
_dOUN
041 1 _aspa
_afre
_aspa
_heng
090 _aDVD 934
245 1 0 _aWhere the wild things are
_h[videorecording] /
_cSpike Jonze ... [et al.].
260 _aBurbank, CA :
_bDistributed by Warner Home Video,
_c[2010]
300 _a1 videodisc (101 min.) :
_bsd., col. ;
_c4 3/4 in.
500 _aBased on the book by Maurice Sendak.
500 _aOriginally released as a motion picture in 2009.
500 _aSpecial features: Series of "Where the wild things are" shorts by Lance Bange: "The absurd difficulty of filming a dog running and barking at the same time," "Crew pranks Spike," "Vampire attack: the Max Records short" and "The kids take over the picture."
508 _aMusic, Karen O, Carter Burwell ; cinematography, Lance Acord ; editor, James Haygood, Eric Zumbrunnen.
511 1 _aCatherine Keener, Max Records, Mark Ruffalo, Lauren Ambrose, Chris Cooper, James Gandolfini, Catherine O'Hara, Forest Whitaker.
520 _aMax has an active imagination, who will throw a fit if others don't go along with what he wants. Following an incident with his sister Claire and her friends, Max throws a tantrum when his mother pays more attention to her boyfriend than to him - runs away from home. Wearing his wolf costume at the time, Max not only runs away physically, but runs toward a world in his imagination. This world, an ocean away, is inhabited by large wild beasts, including Carol who has the same temperament as Max. Instead of eating Max like they normally would with creatures of his type, the wild things befriend Max after he proclaims himself a king who can magically solve all their problems.
521 8 _aMPAA rating: PG; for mild thematic elements, some adventure action and brief language.
538 _aDVD, NTSC, region 1, widescreen (letterbox, enhanced) presentation; Dolby Digital 5.1 surround.
540 _aThis DVD disc is copy protected.
546 _aEnglish, dubbed French or dubbed Spanish dialogue with optional French and Spanish subtitles and English subtitles for the deaf and hard of hearing.
600 1 0 _aSendak, Maurice
_vFilm and video adaptations.
650 0 _aImagination in children
_vDrama.
650 0 _aTemper tantrums
_vDrama.
650 0 _aBrothers and sisters
_vDrama.
650 0 _aMothers and sons
_vDrama.
650 0 _aChildren's costumes
_vDrama.
650 0 _aRunaway children
_vDrama.
655 0 _aFantasy films.
655 0 _aFilm adaptations.
655 0 _aFeature films.
655 0 _aVideo recordings for the hearing impaired.
700 1 _aJonze, Spike.
700 1 _aHanks, Tom.
700 1 _aGoetzman, Gary,
_d1952-
700 1 _aSendak, Maurice.
700 1 _aCarls, John.
700 1 _aLanday, Vincent.
700 1 _aEggers, Dave.
700 1 _aKeener, Catherine.
700 1 _aRecords, Max,
_d1997-
700 1 _aRuffalo, Mark.
700 1 _aAmbrose, Lauren,
_d1978-
700 1 _aCooper, Chris,
_d1951-
700 1 _aGandolfini, James.
700 1 _aO'Hara, Catherine.
700 1 _aWhitaker, Forest.
700 1 _aKaren O,
_d1978-
700 1 _aBurwell, Carter.
700 1 _aSendak, Maurice.
_tWhere the wild things are.
710 2 _aWarner Bros. Pictures (1969- )
710 2 _aLegendary Pictures.
710 2 _aVillage Roadshow Pictures.
710 2 _aPlaytone (Firm)
710 2 _aWild Things (Firm)
710 2 _aWarner Home Video (Firm)
001 data
999 _c1157
_d1157